| 000 | 00960cam a2200289 a 4500 | ||
|---|---|---|---|
| 999 |
_c10001 _d10001 |
||
| 001 | 2156070 | ||
| 003 | GBCCL | ||
| 005 | 20241126110723.0 | ||
| 008 | 990106s1998 ilu b 001 0 eng | ||
| 010 | _a 99010869 | ||
| 020 | _a083081793X (pbk. : alk. paper) | ||
| 020 | _a1844749991 | ||
| 020 | _a9781844749997 | ||
| 040 |
_aDLC _cDLC _dDLC |
||
| 050 | 0 | 0 |
_aBT75.2 _b.M49 1998 |
| 082 | 0 | 0 |
_a230 _221 _bMIL |
| 100 | 1 |
_aMilne, Bruce. _94651 |
|
| 245 | 1 | 0 |
_aKnow the truth : _ba handbook of Christian belief / _cBruce Milne ; foreword by J.I. Packer. |
| 250 | _a2nd edition , Rev. ed. | ||
| 260 |
_aDowners Grove, Ill. : _bInterVarsity Press, _c2006, c1998. |
||
| 300 |
_a352 p. ; _c21 cm. |
||
| 504 | _aIncludes bibliographical references and index. | ||
| 650 | 0 |
_aTheology, Doctrinal. _914 |
|
| 906 |
_a7 _bcbc _corignew _d1 _eocip _f19 _gy-gencatlg |
||
| 942 |
_2ddc _cBK _04 |
||